000 00233nam a22000857a 4500
001 1236325
005 20251001160923.0
245 _aEJDERHACA NASIL KONUŞURSUN
_cKORKUNÇ GICIK III. HIÇKIDIK
260 _bGÜNIŞIĞI KİTAPLIĞI YAYINLARI
999 _c1236325
_d1236325